| 000 | 00903nam a2200277 a 4500 | ||
|---|---|---|---|
| 005 | 20200104041537.0 | ||
| 008 | 150928b 2002ck ||||| |||| 00| 0 spa d | ||
| 040 |
_aCO-BoIAVH _cCO-BoIAVH |
||
| 041 | _aspa | ||
| 044 | _ack | ||
| 082 |
_a597.92 _bM24t |
||
| 110 |
_bColombia. Ministerio del Medio Ambiente _bDirección General de Ecosistemas _939954 |
||
| 245 | _aPrograma Nacional para la Conservación de las Tortugas Marinas y Continentales de Colombia | ||
| 260 |
_aBogotá _bMinambiente _c2002 |
||
| 300 | _a63 p. | ||
| 650 |
_aFauna silvestre _992225 |
||
| 650 |
_aConservación de biodiversidad _9345 |
||
| 650 |
_aReptiles _939957 |
||
| 650 |
_aTortugas marinas _939958 |
||
| 650 |
_aTortugas continentales _939959 |
||
| 650 |
_aUso de fauna silvestre _916285 |
||
| 650 |
_aZoocriaderos _916829 |
||
| 650 |
_aExplotación Comercial _939887 |
||
| 662 | _aColombia | ||
| 942 |
_cLIBRO _2ddc _01 |
||
| 999 |
_c2922 _d2922 |
||